LEADER 00808nam a2200181 i 4500 001 000000254548 003 CaOOAMICUS 005 20170608000000.0 008 170608s1826 it u000 u ita u 013 $a233453 026 $ai.ti l-va zeai soed (7) 1826 (R) 040 $aSeMil$bita 245 10$aVol. 7. 300 $a284, [4] p. 773 0 $aMillot, Claude François Xavier <1726-1785>$tCorso di storia generale antica e moderna opera scritta nell'idioma francese dall'abate Millot continuata dal professore Millon e recata in italiano con note ed aggiunte. Storia moderna. Volume 1. [- 8.].$dMilano : Nicolò Bettoni, 1825-1830.$g7$w()33759 850 $aSeMil 852 $aSeMil$W1$xVenegono$y1$m3V VII 123 FA$j204894$B204894$CSeMilBibl$Z2$F218419 $8I 996 $6245$aVol. 7$9(OLS)http://semarc/title/111144 LEADER 00913nam a2200241 i 4500 001 000000230468 003 CaOOAMICUS 005 20140609000000.0 008 140609s1950 it u000 u ita u 013 $a209370 040 $aSeMil$bita 100 1 $aMercier, Désiré-Joseph,$c.$0(OLS)http://semarc/name/512 245 13$aLa mortificazione cristiana /$cDesiderato Mercier. 260 $aPinerolo :$bAlzani,$cimprim. 1950. 300 $a20 p. ;$c19 cm. 500 $aFondo card. Giovanni Colombo. 650 4$aAscesi - Spiritualità.$0(OLS)http://semarc/subject/34639 850 $aSeMil 852 $aSeMil$W1$xVenegono$y1$m3GC VI 39$j180814$B180814$CSeMilBibl$Z2$F192831 $8B 941 1 $a3 961 $aLascito: Colombo Card. Giovanni 996 $6245$aLa mortificazione cristiana$9(OLS)http://semarc/title/329262 996 $6260$aPinerolo :$bAlzani$9(OLS)http://semarc/publisher/34019